Studies in harmonic analysis /

Guardado en:
Autor Corporativo: DePaul University.
Otros Autores: Ash, J. Marshall, 1940- (Editor )
Formato: Libro
Idioma:English
Publicado: [Washington] : Mathematical Association of America, c1976.
Series:Studies in mathematics (Mathematical Association of America) ; v. 13.
Materias:
Etiquetas: Agregar Etiqueta
Sin Etiquetas, Sea el primero en etiquetar este registro!
LEADER 01766cam a2200277 a 4500
001 MAT.inmabb002874
008 770210s1976####dcua#####b####101#0#eng##
005 20130226125310.0
245 0 0 |a Studies in harmonic analysis /  |c J. M. Ash, editor. 
260 |a [Washington] :  |b Mathematical Association of America,  |c c1976. 
300 |a xv, 319 p. :  |b il. ;  |c 21 cm. 
490 1 |a Studies in mathematics ;  |v v. 13 
500 |a "Proceedings of the expository conference, 'A survey of harmonic analysis', held at De Paul University, Chicago, June 29-July 2, 1974, in celebration of the university's 75th anniversary." 
504 |a Incluye referencias bibliográficas e índice. 
505 0 0 |t Notes on the history of Fourier series /  |r Antoni Zygmund --  |t Developments related to the A.E. convergence of Fourier series /  |r Richard A. Hunt --  |t Harmonic analysis and Hp spaces /  |r Charles Fefferman --  |t Multiple trigonometric series /  |r J. Marshall Ash --  |t Harmonic analysis on Rn /  |r Elias M. Stein --  |t Harmonic analysis and probability /  |r D. L. Burkholder --  |t Harmonic analysis of mean-periodic functions /  |r Yves Meyer --  |t Harmonic analysis and LCA groups /  |r Colin C. Graham --  |t Harmonic analysis on compact groups /  |r Guido Weiss --  |t Harmonic analysis and group representations /  |r Paul J. Sally, Jr. --  |t Harmonic analysis on Cartan and Siegel domains /  |r Stephen Vági. 
510 4 |a MR,  |c 56 #946 
020 |a 088385113X 
020 |z 088285113X 
700 1 |a Ash, J. Marshall,  |d 1940-  |4 edt 
710 2 |a DePaul University. 
830 0 |a Studies in mathematics (Mathematical Association of America) ;  |v v. 13. 
650 0 |a Harmonic analysis  |x Congresses. 
084 |a 42-06  |2 msc2000 
010 |a  76016431  
040 |a DLC  |c DLC  |d DLC 
859 |h 42  |i St933  |p A-5464  |b BIB. MATEMATICA